000 00284nam a2200109Ia 4500
008 200302s9999 xx 000 0 und d
100 _aAnthony Clayton, & Other
245 _aPolicies for Cleaner Technology
260 _bEarthScan Publications Ltd.
260 _c2006
300 _a310 P.,
999 _c2473
_d2473